000 00669cam a2200229 4500500
005 20260405003623.0
041 _afre
042 _adc
100 1 0 _ade Oliveira, Victorine
_eauthor
245 0 0 _aSchopenhauer : un Français à la rencontre du maître
260 _c2022.
500 _a27
690 _aAllemagne
690 _aArthur Schopenhauer
690 _aBar
690 _aBière
690 _aMort
690 _aSchopenhauer
690 _aSexe
786 0 _nPhilosophie magazine | 165 | 12 | 2022-12-01 | p. 43-43 | 1951-1787
856 4 1 _uhttps://shs.cairn.info/magazine-philosophie-magazine-2022-12-page-43?lang=fr&redirect-ssocas=7080
999 _c2069331
_d2069331